| 000 | 01397nam0a2200385 4500 | ||
|---|---|---|---|
| 001 | RU\NLR\bibl\1412832 | ||
| 005 | 20250615211727.0 | ||
| 010 |
_a978-5-98180-669-8 _9500 |
||
| 021 |
_aRU _b2009-54991 _93388 |
||
| 035 | _a(nilc)RSL-KNO-004353646 | ||
| 035 | _a(NLR Aleph) 001404810 | ||
| 090 |
_a1245274 _c1245274 |
||
| 100 | _a20090709d2009 |||y0rusy50 ca | ||
| 101 | 0 | _arus | |
| 102 | _aRU | ||
| 105 | _ay ||||||||| | ||
| 200 | 1 |
_aКраткий курс теории архетипов _e(учебное пособие) _fА. Р. Гиниятуллина |
|
| 210 |
_aКазань _cКазанский государственный университет _d2009 |
||
| 215 |
_a108, [1] с. _d21 |
||
| 320 | _aБиблиогр. в конце кн. | ||
| 606 | 1 |
_aАрхетип _jУчебные издания для высших учебных заведений _91017302 _3RU\NLR\auth\6670516 |
|
| 686 |
_aЮ91(4Ш)6-736.3Юнг К.Г.,0 _2rubbk |
||
| 686 |
_aЮ932.2-35,0 _2rubbk |
||
| 686 |
_aЮ933-342.1,0 _2rubbk |
||
| 686 | _aЮ932.2-953.6я73 | ||
| 686 | _aЮ91(4Ш)6-736.3я73 | ||
| 700 | 1 |
_aГиниятуллина _bА. Р. _gАлина Робертовна _4070 |
|
| 801 | 0 |
_aRU _bРКП _c20090709 _grcr |
|
| 801 | 1 |
_aRU _bРГБ _c20090709 |
|
| 801 | 2 |
_aRU _bNLR _c20090915 _grcr |
|
| 830 | _aпо кн | ||
| 942 | _cBOOK | ||
| 980 | _aNB | ||
| 980 | _aNBR | ||